MARC

LEADER 00000nam0a2200000 4500
001 84761
005 20231031100749.0
010 |a 5256016334 
035 |a (RuTPU)RU\TPU\book\91091 
090 |a 84761 
100 |a 20051102d2004 km y0rusy50 ca 
101 0 |a rus 
102 |a RU 
105 |a a z 001zy 
200 1 |a Основы теории систем управления. Исследование и проектирование  |f Ю. В. Бородакий, Ю. Г. Лободинский 
210 |a Москва  |c Радио и Связь  |d 2004 
215 |a 255 с.  |c ил. 
320 |a Библиогр.: с. 249-251. 
610 1 |a прикладная математика 
610 1 |a управление 
610 1 |a динамические системы 
610 1 |a системы управления 
610 1 |a линейные системы 
610 1 |a вариационные исчисления 
610 1 |a управление 
610 1 |a оптимизация 
610 1 |a динамическое программирование 
610 1 |a принцип максимума 
610 1 |a адаптивное управление 
610 1 |a проектирование 
610 1 |a структурный анализ 
675 |a 517.977  |v 3 
700 1 |a Бородакий  |b Ю. В.  |g Юрий Владимирович 
701 1 |a Лободинский  |b Ю. Г.  |g Юрий Григорьевич 
801 1 |a RU  |b 63413507  |c 20051102  |g PSBO 
801 2 |a RU  |b 63413507  |c 20221206  |g PSBO 
942 |c BK 
959 |a 87/20051102  |d 5  |e 198  |f НФ:5